000 01434aam a2200361 i 4500
001 768714001
003 CO-MdFUSB
005 20250611090504.0
007 ta
008 250611t2006 mx d ||| |||| 00| 0 spa d
020 _a970-105753-8
040 _cCO-MdFUSB
041 0 _aspa
082 0 4 _223
_a001.42
_bH5571m
100 1 _aHernández Sampieri, Roberto
_eautor
245 1 0 _aMetodología de la investigación
_c/ Roberto Hernández Sampieri , Carlos Fernández-Collado , Pilar Baptista Lucio
250 _acuarta edición
264 4 _bMcGraw Hill,
_aMéxico :
_c©2006
300 _a850 páginas
_eIncluye CD
336 _atexto
_btxt
_2rdacontent
337 _2rdamedia
_asin mediación
_bn
338 _2rdacarrier
_avolumen
_bnc
505 _aLos enfoques cuantitativos y cualitativos en la investigación científica. -- El proceso de la investigación cuantitativa. -- El planteamiento del problema. -- Elaboración del marco teórico. -- Formulación de la hipótesis. -- El proceso de la investigación cualitativa. -- Muestreo cualitativo. -- Los procesos mixtos de investigación.
563 _aRústico
650 1 7 _aInvestigación
_2embne
_96999
650 1 0 _aEducación
_9984
653 _aMetodología de la investigación
700 _aFernández Collado, Carlos,
_911649
_eautor
700 _aBaptista Lucio, Pilar,
_911650
_eautor
942 _cBK
945 _aJTF-925
999 _c35250
_d35250